Music Quiz

Random Music or Taylor Swift Quiz

Last Lines Quiz Stats

 Plays Quiz not verified by Sporcle

Score 0/20 Timer 10:00
0 Plays Today
Lyric Song % Correct
????
100%
????
95%
????
80.7%
????
75.6%
????
75.6%
????
72.3%
????
66.4%
????
64.7%
????
63.9%
????
63%
Lyric Song % Correct
????
63%
????
62.2%
????
61.3%
????
60.5%
????
59.7%
????
56.3%
????
56.3%
????
55.5%
????
55.5%
????
51.3%

You're not logged in!

Compare scores with friends on all Sporcle quizzes.
OR
Log In

Show Comments

Extras

Created Jan 28, 2014ReportNominate
Tags:Taylor Swift Quiz

Top Quizzes Today


Score Distribution

Your Account Isn't Verified!

In order to create a playlist on Sporcle, you need to verify the email address you used during registration. Go to your Sporcle Settings to finish the process.

Report this User

Report this user for behavior that violates our Community Guidelines.

Details: